UM Logo

Pathophysiology: (Record no. 2733)

MARC details
000 -LEADER
fixed length control field 00777nam a22002177a 4500
008 - FIXED-LENGTH DATA ELEMENTS--GENERAL INFORMATION
fixed length control field 160525b xxu||||| |||| 00| 0 eng d
020 ## - INTERNATIONAL STANDARD BOOK NUMBER
International Standard Book Number 0781728819
020 ## - INTERNATIONAL STANDARD BOOK NUMBER
International Standard Book Number 0781747589 (Phil. edition)
082 ## - DEWEY DECIMAL CLASSIFICATION NUMBER
Edition number 2002
Classification number DC 571.9
Item number P83p
100 ## - MAIN ENTRY--PERSONAL NAME
9 (RLIN) 9045
Personal name Porth, Carol M.
245 ## - TITLE STATEMENT
Title Pathophysiology:
Remainder of title concepts of altered health states/
Statement of responsibility, etc. Carol Mattson Porth; Mary Pat Kunert, consultant.
250 ## - EDITION STATEMENT
Edition statement 6th Edition
260 ## - PUBLICATION, DISTRIBUTION, ETC. (IMPRINT)
Place of publication, distribution, etc. Philadelphia:
Name of publisher, distributor, etc. Lippincott Williams & Wilkins,
Date of publication, distribution, etc. c2002.
300 ## - PHYSICAL DESCRIPTION
Extent xxvi,1525 pages:
Other physical details illustration;
Dimensions 25 cm.
500 ## - GENERAL NOTE
General note Includes bibliographical references and index.<br/>
650 #0 - SUBJECT ADDED ENTRY--TOPICAL TERM
9 (RLIN) 9047
Topical term or geographic name as entry element Physiology, Pathological
650 #0 - SUBJECT ADDED ENTRY--TOPICAL TERM
9 (RLIN) 9048
Topical term or geographic name as entry element Pathology
700 ## - ADDED ENTRY--PERSONAL NAME
9 (RLIN) 9050
Personal name Kunert, Mary Pat
Relator term Consultant
365 ## - TRADE PRICE
Price amount 898.00
Currency code Php
942 ## - ADDED ENTRY ELEMENTS (KOHA)
Source of classification or shelving scheme Dewey Decimal Classification
Koha item type Circulation
Holdings
Withdrawn status Lost status Source of classification or shelving scheme Damaged status Not for loan Collection code Home library Current library Date acquired Source of acquisition Total Checkouts Full call number Barcode Date last seen Copy number Price effective from Koha item type
    Dewey Decimal Classification     Circulation UM Digos College - LIC UM Digos College - LIC 09/28/2006 Purchased   DC 571.9 P83p 2002 18769 05/15/2025 2 05/25/2016 Circulation
    Dewey Decimal Classification     Circulation UM Digos College - LIC UM Digos College - LIC 09/28/2006 Purchased   DC 571.9 P83p 2002 18768 05/15/2025 1 05/26/2016 Circulation
    Dewey Decimal Classification     Circulation UM Digos College - LIC UM Digos College - LIC 11/25/2005     DC 571.9 P83p 2002 18376 05/15/2025 3 12/14/2016 Circulation
    Dewey Decimal Classification     Circulation UM Digos College - LIC UM Digos College - LIC 11/25/2005     DC 571.9 P83p 2002 18377 05/15/2025 4 12/14/2016 Circulation